000 00795nam a2200253Ia 4500
003 OSt
005 20220927110353.0
006 a|||||r|||| 00| 0
007 ta
008 220926b |||||||| |||| 00| 0 eng d
024 _a62082
037 _cReports
040 _aRTL
_cRTL
_beng
041 _2eng
_aeng
082 _a"X61p1,N70, L1"
100 _aClayton G et al... Ed.
_9376945
111 _aSeminar on Monetary Theory and Monetary Policy (1970 : Sheffield)
_9376946
245 0 _aProceedings
_bMonetary Theory and Monetary Policy edited by G. Clayton et al
260 _aLondon
_bOxford University Press U. K.
_c1971
300 _a272p.
_ccm.
650 _aEconomics-Money
942 _h"X61p1,N70, L1"
_cCC
999 _c695943
_d695943